000 00586nam a2200229Ia 4500
005 20250425162726.0
008 250425s9999 xx 000 0 und d
041 _aspa
043 _aec
082 _a338.9
100 _aBENALCAZAR R, RENE
245 0 _aANALISIS DEL DESARROLLO ECONOMICO DEL ECUADOR
250 _a1A ED.
260 _aEcuador
_bBANCO CENTRAL DEL ECUADOR
_c1989
260 _aQUITO
300 _a533
650 _aECONOMIA ECUATORIANA
650 _aECUADOR-DESARROLLO ECONOMICO
650 _aECUADOR-POLITICA ECONOMICA
942 _c01
010 _a103321
999 _c235162
_d235162